Central Library and Information Centre
Sibsagar Girls' College, Sivasagar : Assam

COMPARATIVE GOVERNMENT AND POLITICS (Record no. 5756)

MARC details
000 -LEADER
fixed length control field 00455cam a2200181ua 4500
008 - FIXED-LENGTH DATA ELEMENTS--GENERAL INFORMATION
fixed length control field 181005n1991 II |||gr||||Z||||||eng
040 ## - CATALOGING SOURCE
Original cataloging agency MAIN
041 ## - LANGUAGE CODE
-- English
041 ## - LANGUAGE CODE
-- eng
082 ## - DEWEY DECIMAL CLASSIFICATION NUMBER
Classification number 320.3 MAH
100 ## - MAIN ENTRY--PERSONAL NAME
Personal name MAHESWARY, S. R.
245 ## - TITLE STATEMENT
Title COMPARATIVE GOVERNMENT AND POLITICS
260 ## - PUBLICATION, DISTRIBUTION, ETC.
Place of publication, distribution, etc. AGRA
Name of publisher, distributor, etc. LAXMI NARAYAN AGARWAL EDUCATIONAL PUBLISHER
Date of publication, distribution, etc. 1991
300 ## - PHYSICAL DESCRIPTION
Extent 231:
Dimensions 20CM.
942 ## - ADDED ENTRY ELEMENTS (KOHA)
Koha item type Books
653 ## - INDEX TERM--UNCONTROLLED
Uncontrolled term COMPARATIVE GOVERNMENT
Holdings
Withdrawn status Lost status Damaged status Not for loan Collection code Home library Current library Shelving location Date acquired Full call number Barcode Date last seen Copy number Price effective from Koha item type
        TBPSC Central Library and Information Centre Sibsagar Girls College Central Library and Information Centre Sibsagar Girls College Political Science Rack 19.06.1995 320.3 MAH 13905 27.02.2020 1 27.02.2020 Books


Sibsagar Girl's College © 2020. All rights reserved.
Powered by Koha.
Maintained by Abhijit Borpuzari.